Lỗ Tấn tác phẩm và tư liệu

Kaydedildi:
Detaylı Bibliyografya
Yazar: Lương Duy Thứ
Materyal Türü: Kitap
Dil:Vietnamese
Baskı/Yayın Bilgisi: Giáo dục 1998
Etiketler: Etiketle
Etiket eklenmemiş, İlk siz ekleyin!
Thư viện lưu trữ: Mạng thư viện Đại học Đà Nẵng
LEADER 00627nam a2200253 4500
001 000022462
003 18910
005 20150506100538.0
008 150506s1998 viesd
020 |c 18500 
041 0 |a vie 
082 1 4 |a 895,105  |b LƯ-T 
100 1 |a Lương Duy Thứ 
245 1 0 |a Lỗ Tấn tác phẩm và tư liệu  |c Lương Duy Thứ 
260 |b Giáo dục  |c 1998 
300 |a tr.  |c cm. 
OWN |a LSP 
999 |a From the UDN01 
TYP |a Monograph 
TYP |a Printed language 
980 |a Mạng thư viện Đại học Đà Nẵng